El mono y el yacaré. Sol y luna : leyendas guaraníes /

El ingenio y la picardía de los pueblos guaraníes están presentes en estos dos relatos que componen este libro. El primero explica el origen maravilloso de algunos animales, a través de las aventuras de un joven desobediente. El segundo narra la historia de dos buenos hermanos que, con su magia, die...

Descripción completa

Guardado en:
Autor Principal: Palermo, Miguel Ángel.
Otros Autores: Chiappe, Aldo; il., Pez, Alberto; il.
Formato: Libro
Idioma:Undetermined
Publicado: Buenos Aires : Arte Gráfico, 2005.
Edición:1a ed.
Series:Cuentos y leyendas de mi país - Genios ; 4
Materias:
Etiquetas: Agregar Etiqueta
Sin Etiquetas, Sea el primero en etiquetar este registro!
LEADER 01232nam a22002655a 4500
001 CEM.cems021309
008 240730s2005####ag############000#0#und#d
005 20240730141007.0
245 1 0 |a El mono y el yacaré. Sol y luna :  |b leyendas guaraníes /  |c Selección y adaptación de Miguel Ángel Palermo ; ilustrado por Aldo Chiappe y Alberto Pez. 
250 |a 1a ed. 
260 |a Buenos Aires :  |b Arte Gráfico,  |c 2005. 
300 |a 50 p. 
490 1 |a Cuentos y leyendas de mi país - Genios ;  |v 4 
520 |a El ingenio y la picardía de los pueblos guaraníes están presentes en estos dos relatos que componen este libro. El primero explica el origen maravilloso de algunos animales, a través de las aventuras de un joven desobediente. El segundo narra la historia de dos buenos hermanos que, con su magia, dieron origen al Sol, la Luna, el día y la noche. 
020 |a 9507825290 
100 1 |a Palermo, Miguel Ángel. 
700 1 |a Chiappe, Aldo; il. 
700 1 |a Pez, Alberto; il. 
653 |a Mitos 
653 |a Leyendas 
653 |a Mitos argentinos 
653 |a Leyendas argentinas 
653 |a Pueblos originarios 
653 |a Guaraníes 
859 |a CEMS  |b BIB. CEMS - Inicial y Primaria  |h 398.2  |i P174-12  |k IP  |p 6874  |t Ej.1